[Event "Speed Chess GP1"]
[Site "Chess.com INT"]
[Date "2021.09.18"]
[Round "8"]
[White "Sviridov, Valery"]
[Black "Najer, Evgeniy"]
[Result "1-0"]
[WhiteElo "2562"]
[BlackElo "2654"]
[PlyCount "67"]
[EventDate "2021.09.18"]
[EventType "swiss (blitz)"]
[EventRounds "10"]
[EventCountry "USA"]
[SourceTitle "CBM 204 Extra"]
[Source "ChessBase"]
[SourceDate "2022.09.12"]
[SourceVersion "1"]
[SourceVersionDate "2022.09.12"]
[SourceQuality "1"]

1. Nf3 d5 2. g3 c5 3. Bg2 f6 4. c4 d4 5. e3 e5 6. exd4 cxd4 7. O-O Nc6 8. d3 Bg4 9. h3 Be6 10. a3 a5 11. Nbd2 Nh6 12. Ne4 Nf7 13. Rb1 $146 ({RR} 13. Bd2 Be7 14. b4 f5 15. Nc5 Bxc5 16. bxc5 Qe7 17. Qe2 O-O 18. Rfb1 e4 19. dxe4 Qxc5 20. Rxb7 Nd6 21. Ng5 Rf6 22. Qh5 Rh6 23. Rxg7+ {1-0 (23) Helbig,D (2159)-Koehler,P (2096) Germany 2018}) 13... Qd7 14. Kh2 Be7 15. Bd2 O-O 16. b4 axb4 17. axb4 Ra3 18. b5 Ncd8 19. Qe2 b6 20. Ra1 Nb7 21. Rxa3 Bxa3 22. Ra1 Be7 23. Ra7 Rb8 24. Qe1 Qc8 25. Bb4 Qf8 26. Bxe7 Qxe7 27. Qa1 Qc7 28. Qa6 Nfd8 29. Nfd2 h6 30. Nb3 Bc8 31. Qa2 Ne6 32. c5 bxc5 33. Nbxc5 Qf7 34. Nd6 1-0

[Event "Meltwater Tour Final"]
[Site "chess24.com INT"]
[Date "2021.09.26"]
[Round "2.1"]
[White "Vachier Lagrave, Maxime"]
[Black "So, Wesley"]
[Result "1-0"]
[WhiteElo "2763"]
[BlackElo "2778"]
[PlyCount "107"]
[EventDate "2021.09.25"]
[EventType "tourn (rapid)"]
[EventRounds "9"]
[EventCountry "USA"]
[EventCategory "21"]
[SourceTitle "CBM 204 Extra"]
[Source "ChessBase"]
[SourceDate "2022.09.12"]
[SourceVersion "1"]
[SourceVersionDate "2022.09.12"]
[SourceQuality "1"]

1. Nf3 d5 2. g3 Nf6 3. Bg2 c6 4. O-O Bg4 5. h3 Bh5 6. c4 e6 7. Qb3 ({RR} 7. d4 Be7 8. Nc3 O-O 9. Ne5 Nfd7 10. cxd5 Nxe5 11. dxe5 exd5 12. g4 Bg6 13. f4 f5 14. Be3 Na6 15. Rc1 Kh8 16. Nxd5 cxd5 17. Qxd5 b6 18. Qxa8 Qxa8 19. Bxa8 Rxa8 20. Rfd1 Kg8 21. e6 Bc5 {Carlsen,M (2864)-Le,Q (2728) Miami 2022 1-0 (34)}) 7... Qb6 8. d3 Nbd7 ({RR} 8... Be7 9. Be3 Qa6 10. g4 Bg6 11. Ne5 Nbd7 12. Nxg6 hxg6 13. Nd2 O-O 14. Nf3 dxc4 15. dxc4 Bc5 16. Bf4 Qb6 17. Qc2 Rfe8 18. e3 e5 19. Bg3 a5 20. Rfd1 a4 21. g5 Nh5 22. Rxd7 Bxe3 23. Bxe5 {Banusz,T (2580)-Abrashkin,B (2407) chess.com INT 2025 1-0}) 9. Qc2 dxc4 $146 ({RR} 9... Bd6 10. Be3 Qc7 11. cxd5 exd5 12. Nh4 O-O 13. Nc3 Rfe8 14. Bd4 Be5 15. Bxe5 Qxe5 16. e3 d4 17. exd4 Qxd4 18. Nf5 Qb6 19. Rfe1 {½-½ (19) Zvjaginsev,V (2598)-Murzin,V (2561) Moscow RUS 2022}) 10. Qxc4 Bxf3 11. Bxf3 Ne5 12. Qf4 Nxf3+ 13. Qxf3 Be7 14. Nd2 O-O 15. Nc4 Qd8 16. b4 Qd5 17. e4 Qd8 18. Rb1 Rc8 19. Bd2 b5 20. Na5 Qd7 21. Rfd1 e5 22. Kg2 Rfd8 23. Bc3 Qe6 24. Nb3 h6 25. Qe3 Rd7 26. Rd2 Nh7 27. h4 Nf6 28. Rbd1 a5 29. Nc5 Bxc5 30. Qxc5 axb4 31. Bxe5 Ng4 32. Bb2 Ra8 33. f3 Nf6 34. Rc1 Ra6 35. Rcc2 b3 36. axb3 Qxb3 37. Qf5 Qe6 38. g4 Qe7 39. Bxf6 gxf6 40. d4 Qe6 41. Qf4 Kg7 42. Rc5 Ra2 43. Rh5 Rxd2+ 44. Qxd2 Kf8 45. Rxh6 Qc4 46. d5 Ra7 47. Kg3 cxd5 48. exd5 Qc5 49. Rh8+ Ke7 50. Qe1+ Kd7 51. Qe8+ Kd6 52. Qd8+ Ke5 53. Rh5+ Kd4 54. d6 1-0

[Event "Meltwater Tour Final"]
[Site "chess24.com INT"]
[Date "2021.10.01"]
[Round "6.6"]
[White "Artemiev, Vladislav"]
[Black "Vachier Lagrave, Maxime"]
[Result "1-0"]
[WhiteElo "2699"]
[BlackElo "2763"]
[PlyCount "133"]
[EventDate "2021.09.25"]
[EventType "tourn (rapid)"]
[EventRounds "9"]
[EventCountry "USA"]
[EventCategory "21"]
[SourceTitle "CBM 204 Extra"]
[Source "ChessBase"]
[SourceDate "2022.09.12"]
[SourceVersion "1"]
[SourceVersionDate "2022.09.12"]
[SourceQuality "1"]

1. Nf3 f5 2. g3 Nf6 3. Bg2 g6 4. b3 Bg7 5. Bb2 O-O 6. O-O ({RR} 6. c4 d6 7. O-O e5 8. d3 Nc6 9. h3 Qe7 10. Nc3 Kh8 11. Nd2 h5 12. h4 Ng4 13. Nd5 Qf7 14. e3 Be6 15. Qe2 Rae8 16. f3 Nf6 17. f4 Nxd5 18. cxd5 Bxd5 19. Bxd5 Qxd5 20. e4 exf4 {Zallio,L (2209)-Ferrara,E (2138) chess.com INT 2025 0-1}) 6... a5 ({RR} 6... e6 7. d4 b6 8. Nfd2 d5 9. c4 Bb7 10. Nc3 Nbd7 11. Rc1 c5 12. cxd5 exd5 13. dxc5 Nxc5 14. Nb5 Qd7 15. a4 a6 16. Nd4 Rfc8 17. N2f3 Nfe4 18. Rc2 b5 19. a5 Rc7 20. Bc1 Rcc8 21. Bb2 {Artemiev,V (2660)-Anton Guijarro,D (2626) Martuni 2015 ½-½ (127)}) 7. c4 a4 8. b4 $146 ({RR} 8. d4 c6 9. Nbd2 Ne4 10. Qc2 a3 11. Bc1 d5 12. Rb1 Nd7 13. b4 Nb6 14. c5 Nxd2 15. Nxd2 Nd7 16. Nf3 e5 17. dxe5 Nxe5 18. Nxe5 Bxe5 19. Rb3 Be6 20. Rxa3 Rxa3 21. Bxa3 Qa8 22. Bc1 Qa6 {Ibrahimov,R (2527)-Papasimakopoulos,A (2334) chess.com INT 2023 1-0 (74)}) 8... d6 9. d4 Nbd7 10. d5 Nb6 11. Na3 h6 12. Rc1 e5 13. dxe6 Bxe6 14. Nd4 Bc8 15. Ndb5 Qe7 16. Qd3 Ne4 17. Bxg7 Kxg7 18. Rfd1 Nd7 19. Qe3 Qd8 20. c5 d5 21. c6 bxc6 22. Rxc6 Ndf6 23. Rxc7+ Bd7 24. Qd4 Rb8 25. Ra7 Kg8 26. Nc7 Rf7 27. Bxe4 dxe4 28. Nd5 Be8 29. Nxf6+ Qxf6 30. Qxf6 Rxf6 31. b5 Rfb6 32. Rxa4 Bxb5 33. Nxb5 Rxb5 34. Kg2 Rb2 35. Kf1 Rb1 36. Rxb1 Rxb1+ 37. Kg2 Rb2 38. e3 Kg7 39. h3 h5 40. g4 h4 41. g5 Kf7 42. Ra7+ Kg8 43. a4 Ra2 44. a5 f4 45. exf4 e3 46. Kf3 exf2 47. Kg2 Ra4 48. Kxf2 Rxf4+ 49. Ke3 Rb4 50. a6 Rb6 51. Kd4 Re6 52. Kd5 Rb6 53. Kc5 Re6 54. Kb5 Re5+ 55. Kc6 Re6+ 56. Kd7 Rb6 57. Ke7 Rc6 58. Kd8 Re6 59. Ra8 Kg7 60. Kd7 Re5 61. Rb8 Ra5 62. Rb6 Rxg5 63. Kc8 Ra5 64. Kb7 Kh6 65. a7 Kh5 66. a8=Q Rxa8 67. Kxa8 1-0

[Event "Meltwater Tour Final"]
[Site "chess24.com INT"]
[Date "2021.10.04"]
[Round "9.1"]
[White "Carlsen, Magnus"]
[Black "So, Wesley"]
[Result "1-0"]
[WhiteElo "2855"]
[BlackElo "2778"]
[PlyCount "121"]
[EventDate "2021.09.25"]
[EventType "tourn (rapid)"]
[EventRounds "9"]
[EventCountry "USA"]
[EventCategory "21"]
[SourceTitle "CBM 204 Extra"]
[Source "ChessBase"]
[SourceDate "2022.09.12"]
[SourceVersion "1"]
[SourceVersionDate "2022.09.12"]
[SourceQuality "1"]

1. b3 d5 2. Bb2 Nf6 3. Nf3 h6 ({RR} 3... g6 4. d3 Bg7 5. Nbd2 c5 6. e4 Nc6 7. g3 O-O 8. Bg2 b6 9. O-O dxe4 10. dxe4 Ba6 11. Re1 Qc7 12. Bf1 Bb7 13. c3 Rad8 14. Qc2 Ng4 15. Be2 Nge5 16. Nxe5 Nxe5 17. f4 Nd7 18. Bc4 {Girinath,P (2368)-Vahidov,T (2515) Chennai 2004 ½-½}) 4. g3 ({RR} 4. h3 Bf5 5. g4 Bg6 6. Bg2 c6 7. d3 e6 8. Nbd2 Be7 9. O-O Nbd7 10. Ne5 Nxe5 11. Bxe5 O-O 12. f4 Nd7 13. Bb2 f5 14. Nf3 Bf6 15. Bxf6 Nxf6 16. Ne5 Be8 17. e3 Nd7 18. Nf3 Qb6 {Tudor,H (2403)-Valle Luis,L (2241) chess.com INT 2024 0-1 (43)}) 4... Bf5 5. d3 $146 ({RR} 5. Bg2 e6 6. d3 c5 7. Nbd2 Nc6 8. O-O Be7 9. Re1 O-O 10. e4 dxe4 11. dxe4 Bg4 12. h3 Bh5 13. g4 Bg6 14. Ne5 Nxe5 15. Bxe5 Nd7 16. Bh2 Nb6 17. Qe2 Qc8 18. c4 Rd8 19. Rad1 a5 {De Witt,R-Grau,R Buenos Aires 1931 0-1 (46)}) 5... c5 6. Bg2 Nc6 7. Ne5 Nxe5 8. Bxe5 e6 9. Nd2 Be7 10. e4 Bg6 11. O-O O-O 12. Qe2 Bh5 13. f3 Nd7 14. Bb2 dxe4 15. dxe4 f5 16. exf5 exf5 17. Rad1 Bf6 18. Bxf6 Qxf6 19. Nc4 Rae8 20. Qf2 Re7 21. Rd6 Qc3 22. Rd3 Qf6 23. Rfd1 Ne5 24. Rd6 Qf7 25. Nxe5 Rxe5 26. f4 Re2 27. Qxc5 b6 28. Qc3 Rxg2+ 29. Kxg2 Bxd1 30. Rxd1 Re8 31. Re1 Qd5+ 32. Kg1 Rd8 33. a4 a5 34. Kf2 Kh7 35. Qe5 Qf7 36. Re2 Qh5 37. Kg2 Rd5 38. Qe3 b5 39. axb5 Rxb5 40. Qf3 Qf7 41. Re5 Rxe5 42. fxe5 Qe6 43. Qe2 Qc6+ 44. Kf2 Kg6 45. h4 Kf7 46. h5 Ke6 47. c4 a4 48. bxa4 Qxa4 49. Qd3 Kxe5 50. Qd5+ Kf6 51. Qd6+ Kf7 52. Qg6+ Kg8 53. Qe6+ Kf8 54. Qxf5+ Ke7 55. Qe5+ Kf7 56. Qd5+ Kf6 57. Kf3 Qb3+ 58. Kg4 Qa2 59. Qf5+ Ke7 60. Qe4+ Kf6 61. Qg6+ 1-0

[Event "Titled Tuesday intern op 28th Sept"]
[Site "Chess.com INT"]
[Date "2021.09.28"]
[Round "2"]
[White "Nakamura, Hikaru"]
[Black "Hjartarson, Johann"]
[Result "1-0"]
[WhiteElo "2736"]
[BlackElo "2519"]
[PlyCount "75"]
[EventDate "2021.09.28"]
[EventType "swiss (blitz)"]
[EventRounds "11"]
[EventCountry "USA"]
[SourceTitle "CBM 204 Extra"]
[Source "ChessBase"]
[SourceDate "2022.09.12"]
[SourceVersion "1"]
[SourceVersionDate "2022.09.12"]
[SourceQuality "1"]

1. Nf3 Nf6 2. b3 b5 3. e3 ({RR} 3. Na3 a6 4. c4 b4 5. Nc2 a5 6. a3 bxa3 7. Bxa3 Bb7 8. g3 g6 9. Bg2 Bg7 10. d4 d6 11. Bb2 O-O 12. O-O Nbd7 13. Nd2 Bxg2 14. Kxg2 Qb8 15. Bc3 Qb7+ 16. Kg1 Ne4 17. Nxe4 Qxe4 {Nakamura,H (2789)-Esipenko,A (2702) chess.com INT 2024 ½-½ (31)}) ({RR} 3. e4 Nxe4 4. Bxb5 Bb7 5. d4 e6 6. O-O Be7 7. Bd3 O-O 8. c4 f5 9. Re1 Bf6 10. Nbd2 Nxd2 11. Bxd2 Bxf3 12. Qxf3 Nc6 13. Rad1 Nxd4 14. Qh3 c5 15. b4 Qc7 16. a3 Nb3 17. Bxf5 exf5 {Nakamura,H (2766)-Maghsoodloo,P (2699) Chess.com INT 2022 1-0 (44)}) 3... a6 4. Na3 Bb7 5. c4 b4 $146 ({RR} 5... bxc4 6. Nxc4 e6 7. d4 Be7 8. Bd3 O-O 9. O-O c5 10. Bb2 Nc6 11. dxc5 Bxc5 12. Rc1 Qe7 13. e4 d5 14. Bxf6 Qxf6 15. exd5 exd5 16. Na5 Bxf2+ 17. Rxf2 Nxa5 18. Qd2 Qb6 19. Nd4 Nc6 20. Nf5 {Nakamura,H (2794)-Andreev,K (2216) chess.com INT 2024 1-0}) 6. Nc2 e6 7. d4 c5 8. Bb2 Be7 9. Bd3 O-O 10. O-O a5 11. a3 d5 12. axb4 cxb4 13. c5 Nc6 14. Qe2 Ne4 15. Ra2 f5 16. Rfa1 Bf6 17. Bb5 Qc7 18. Nce1 g5 19. Nd3 g4 20. Nfe1 h5 21. Nf4 Nd8 22. Nxh5 Bh8 23. Nd3 Bc6 24. Ndf4 Ng5 25. Ng6 Qh7 26. Nhf4 Rf6 27. Nxh8 Rh6 28. h3 gxh3 29. g3 Kxh8 30. Rxa5 Rxa5 31. Rxa5 Bxb5 32. Rxb5 h2+ 33. Kh1 Qa7 34. Rb6 Qa2 35. Qc2 Ne4 36. Nd3 Nf7 37. c6 Nfd6 38. c7 1-0

[Event "Titled Tuesday intern op 28th Sept"]
[Site "Chess.com INT"]
[Date "2021.09.28"]
[Round "4"]
[White "Nakamura, Hikaru"]
[Black "Pichot, Alan"]
[Result "1-0"]
[WhiteElo "2736"]
[BlackElo "2628"]
[PlyCount "89"]
[EventDate "2021.09.28"]
[EventType "swiss (blitz)"]
[EventRounds "11"]
[EventCountry "USA"]
[SourceTitle "CBM 204 Extra"]
[Source "ChessBase"]
[SourceDate "2022.09.12"]
[SourceVersion "1"]
[SourceVersionDate "2022.09.12"]
[SourceQuality "1"]

1. Nf3 Nf6 2. b3 d5 3. e3 Bf5 4. Bb2 e6 5. Nh4 Bg6 6. Nxg6 hxg6 7. g3 ({RR} 7. d3 Bd6 8. g3 Nbd7 9. Bg2 c6 10. Nd2 Qe7 11. a3 g5 12. Qe2 g4 13. c4 a5 14. d4 e5 15. cxd5 cxd5 16. h3 exd4 17. Bxd4 gxh3 18. Bxh3 Kf8 19. Kf1 Be5 20. Nf3 Bxd4 21. Nxd4 Qe4 {Nakamura,H (2736)-Quesada Perez,Y (2593) Chess.com INT 2021 1-0 (71)}) 7... a5 ({RR} 7... Nbd7 8. Bg2 Rc8 ({RR} 8... c6 9. d3 e5 ({RR} 9... Be7 10. Nd2 a5 11. a3 Qc7 12. O-O O-O 13. Qe2 Rfd8 14. Rfc1 Nf8 15. Nf3 N6d7 16. e4 dxe4 17. dxe4 Nc5 18. Qe3 Nfd7 19. h3 Bf8 20. Rf1 e5 21. Rfd1 Ne6 22. Qc3 f6 23. Qc4) ({RR} 9... Bd6 10. Nd2 O-O 11. a3 Be5 12. c3 Bc7 13. h4 e5 14. g4 Nc5 15. Bf1 e4 16. g5 Nh5 17. d4 Nd3+ 18. Bxd3 exd3 19. Qb1 Nf4 20. Kf1 Qe7 21. Qd1 Ne2 22. Qb1 Nf4 23. a4) 10. Nd2 Bd6 11. Qe2 Qe7 12. a3 a5 13. c4 O-O 14. O-O Rab8 15. g4 g5 16. Rfd1 b5 17. h3 bxc4 18. dxc4 e4 19. b4 axb4 20. axb4 Be5 21. Bxe5 Nxe5 22. b5 dxc4 23. Nxc4) 9. d3 Be7 10. Nd2 c5 11. c4 Nb6 12. Qe2 Qd7 13. O-O O-O 14. a4 Rfd8 15. Rfd1 dxc4 16. Nxc4 Nxc4 17. bxc4 Qc7 18. h4 Nd7 19. h5 gxh5 20. Qxh5 Bf6 21. Bxf6 Nxf6 22. Qh4 {Oliveira,A (1664)-De Souza,J (1839) Florianopolis SC 2025 0-1 (41)}) 8. a3 a4 $146 ({RR} 8... c6 9. Bg2 Nbd7 10. O-O Bc5 11. d4 Bd6 12. Nd2 O-O 13. c4 Re8 14. e4 dxe4 15. Nxe4 Nxe4 16. Bxe4 Nf6 17. Bg2 Qc7 18. Qe2 c5 19. dxc5 Bxc5 20. Rfd1 Rad8 21. Rxd8 Rxd8 22. Rd1 Rxd1+ 23. Qxd1 {Sowa,R (2067)-Saito,V (2147) chess.com INT 2023 0-1 (61)}) 9. b4 c5 10. bxc5 Bxc5 11. d4 Bd6 12. Nd2 Nc6 13. c4 Qa5 14. Bd3 dxc4 15. Bxc4 Rc8 16. O-O g5 17. Be2 Be7 18. Nc4 Qf5 19. f3 Qh3 20. Rf2 g4 21. Qxa4 gxf3 22. Bxf3 Ng4 23. Bxg4 Qxg4 24. Qd1 Qg5 25. Qf3 O-O 26. Nd2 Qg6 27. Qe4 Qxe4 28. Nxe4 Na5 29. a4 Nc4 30. Bc1 e5 31. Rb1 Rc7 32. Rc2 Rd8 33. Nd2 Nxd2 34. Rxc7 Nxb1 35. Rxe7 exd4 36. Rxb7 Nc3 37. Bb2 Ne2+ 38. Kf2 d3 39. Ke1 Ng1 40. a5 d2+ 41. Kd1 Nf3 42. a6 Re8 43. a7 Rxe3 44. a8=Q+ Kh7 45. Rd7 1-0

[Event "Titled Tuesday intern op 28th Sept"]
[Site "Chess.com INT"]
[Date "2021.09.28"]
[Round "7"]
[White "Nakamura, Hikaru"]
[Black "Tang, Andrew"]
[Result "1-0"]
[WhiteElo "2736"]
[BlackElo "2512"]
[PlyCount "81"]
[EventDate "2021.09.28"]
[EventType "swiss (blitz)"]
[EventRounds "11"]
[EventCountry "USA"]
[SourceTitle "CBM 204 Extra"]
[Source "ChessBase"]
[SourceDate "2022.09.12"]
[SourceVersion "1"]
[SourceVersionDate "2022.09.12"]
[SourceQuality "1"]

1. Nf3 d5 2. g3 Bg4 3. Bg2 Nd7 4. c4 e6 5. cxd5 exd5 6. h3 Bh5 7. Nc3 c6 8. O-O Bd6 9. d3 Ne7 10. Qc2 O-O 11. e4 Rc8 12. Re1 $146 ({RR} 12. Ne2 f6 13. Nfd4 Bf7 14. Nf4 Re8 15. Be3 Nf8 16. Rad1 c5 17. Nb5 Bb8 18. a4 d4 19. Bc1 Qb6 20. Nd5 Nxd5 21. exd5 Qd8 22. d6 Qd7 23. Rfe1 Ne6 24. Re2 a6 25. Na3 b5 26. axb5 axb5 {Anastasian,A (2588)-Egin,V (2466) Yerevan 2001 ½-½ (60)}) 12... Nc5 13. Nh4 Ne6 14. f4 d4 15. Ne2 f6 16. Nf5 Bf7 17. Nxd6 Qxd6 18. f5 Nc7 19. Bf4 Qd7 20. Qc5 Nb5 21. a4 b6 22. Qb4 a5 23. Qd2 Nc7 24. b4 Ra8 25. bxa5 Rxa5 26. Qb4 Nc8 27. Qxd4 Qe7 28. Qc3 c5 29. d4 Na6 30. e5 cxd4 31. Nxd4 Rc5 32. Qe3 fxe5 33. Bxe5 Re8 34. Bf4 Qd7 35. Qf2 Ne7 36. Rad1 Nxf5 37. Ne6 Qxd1 38. Rxd1 Bxe6 39. Rb1 Ra5 40. Qxb6 Rxa4 41. Bc6 1-0

[Event "Speed Chess GP3"]
[Site "Chess.com INT"]
[Date "2021.10.02"]
[Round "3"]
[White "Abdusattorov, Nodirbek"]
[Black "Grachev, Boris V"]
[Result "1-0"]
[WhiteElo "2646"]
[BlackElo "2615"]
[PlyCount "87"]
[EventDate "2021.10.02"]
[EventType "swiss (blitz)"]
[EventRounds "10"]
[EventCountry "USA"]
[SourceTitle "CBM 204 Extra"]
[Source "ChessBase"]
[SourceDate "2022.09.12"]
[SourceVersion "1"]
[SourceVersionDate "2022.09.12"]
[SourceQuality "1"]

1. Nf3 d5 2. Nd4 ({RR} 2. g4 Bxg4 3. Bg2 Nd7 4. c4 e6 5. cxd5 exd5 6. Qb3 Nc5 7. Qc2 c6 8. b3 Nf6 9. Bb2 Ne6 10. Rg1 Bh5 11. Bh1 Bg6 12. d3 Bd6 13. Nbd2 O-O 14. Ne5 Re8 15. Nxg6 hxg6 16. Nf3 Ba3 {Pantsulaia,L (2589)-Carlsen,M (2838) Chess.com INT 2017 0-1}) ({RR} 2. Ng1 Nf6 3. Nf3 c6 4. Ng1 Bf5 5. Nf3 e6 6. d3 Bd6 7. Nbd2 O-O 8. Nh4 Bg6 9. Nxg6 hxg6 10. e3 Nbd7 11. g3 e5 12. Bg2 Re8 13. O-O Nf8 14. a3 a5 15. b3 g5 16. Bb2 Ng6 {Travadon,L (2421)-Janzelj,L (2212) Europe Echecs INT 2021 1-0 (61)}) 2... c5 $146 ({RR} 2... e5 3. Nb5 Bc5 4. e3 c6 5. N5c3 Nf6 6. d4 exd4 7. exd4 Bd6 8. Qe2+ Be6 9. Bg5 O-O 10. a4 Re8 11. Nd2 Bf5 12. Kd1 Rxe2 13. Bxe2 Nbd7 14. a5 Bb4 15. Ncb1 Bxa5 16. Rxa5 Qxa5 17. Nc3 {Makoa,T-Cho,H (1393) Durban 2014 0-1}) 3. Nf3 Nc6 4. g3 e5 5. d3 g6 6. Bg2 Bg7 7. O-O Nge7 8. c4 dxc4 9. dxc4 Qxd1 10. Rxd1 e4 11. Ng5 f5 12. Nc3 h6 13. Nh3 Bxc3 14. bxc3 g5 15. f3 exf3 16. Bxf3 Be6 17. Bd5 Rd8 18. Be3 Nxd5 19. cxd5 Rxd5 20. Rxd5 Bxd5 21. Bxc5 b6 22. Bd4 Nxd4 23. cxd4 Kd7 24. Nf2 Rc8 25. Nd3 Rc3 26. a4 Kd6 27. Kf2 Bc4 28. Ne5 Kd5 29. Rb1 Rc2 30. Nxc4 Rxc4 31. a5 Rc6 32. Ke3 Kc4 33. Rc1+ Kb5 34. Rb1+ Kc4 35. Rc1+ Kb5 36. Rb1+ Kxa5 37. d5 Rc4 38. d6 Re4+ 39. Kd3 Re6 40. d7 Rd6+ 41. Kc4 b5+ 42. Rxb5+ Ka6 43. Rd5 Rc6+ 44. Kd4 1-0

[Event "Speed Chess GP3"]
[Site "Chess.com INT"]
[Date "2021.10.02"]
[Round "3"]
[White "Demidov, Mikhail"]
[Black "Demchenko, Anton"]
[Result "1-0"]
[WhiteElo "2551"]
[BlackElo "2651"]
[PlyCount "73"]
[EventDate "2021.10.02"]
[EventType "swiss (blitz)"]
[EventRounds "10"]
[EventCountry "USA"]
[SourceTitle "CBM 204 Extra"]
[Source "ChessBase"]
[SourceDate "2022.09.12"]
[SourceVersion "1"]
[SourceVersionDate "2022.09.12"]
[SourceQuality "1"]

1. Nf3 Nf6 2. g3 b5 3. Bg2 Bb7 4. O-O e6 5. d3 d6 6. e4 c5 7. a4 b4 8. Nbd2 Be7 9. Nc4 O-O 10. e5 dxe5 11. Nfxe5 Bxg2 12. Kxg2 Nd5 13. f4 Qc7 $146 ({RR} 13... f6 14. Nf3 Nc6 15. Qe2 Nc7 16. b3 Qd5 17. Bb2 Rad8 18. Rae1 Rfe8 19. Kh1 Nd4 20. Bxd4 cxd4 21. Qg2 Bc5 22. Re2 Qd7 23. Nfd2 Nd5 24. Qf3 Nc3 25. Rg2 Qd5 26. Ne4 Be7 27. g4 Rf8 28. f5 {Kilgus,G (2431)-Kuljasevic,D (2554) Austria 2014 ½-½ (52)}) 14. Qf3 Nc6 15. Nxc6 Qxc6 16. Ne5 Qc7 17. b3 Bf6 18. Bb2 Rad8 19. Rae1 Ne7 20. g4 Bxe5 21. Bxe5 Qd7 22. Bb2 Nc6 23. f5 exf5 24. Qxf5 Qd6 25. Re4 Nd4 26. Bxd4 cxd4 27. Rf2 Qc7 28. Qf4 Qd7 29. Kg3 Rfe8 30. Rfe2 Rxe4 31. Rxe4 h6 32. h4 a5 33. Qe5 Qa7 34. g5 hxg5 35. hxg5 g6 36. Rh4 f6 37. Qe6+ 1-0

[Event "Speed Chess GP3"]
[Site "Chess.com INT"]
[Date "2021.10.02"]
[Round "4"]
[White "Swiercz, Dariusz"]
[Black "Izoria, Zviad"]
[Result "1-0"]
[WhiteElo "2647"]
[BlackElo "2602"]
[PlyCount "43"]
[EventDate "2021.10.02"]
[EventType "swiss (blitz)"]
[EventRounds "10"]
[EventCountry "USA"]
[SourceTitle "CBM 204 Extra"]
[Source "ChessBase"]
[SourceDate "2022.09.12"]
[SourceVersion "1"]
[SourceVersionDate "2022.09.12"]
[SourceQuality "1"]

1. Nf3 g6 2. g3 Bg7 3. d4 c5 4. c3 cxd4 5. cxd4 d5 6. Bg2 Nc6 7. Nc3 e6 8. O-O Nge7 9. b3 O-O 10. Ba3 ({RR} 10. e3 b6 11. Ba3 Ba6 12. Re1 Qd7 13. Qd2 Rfc8 14. Rad1 Nf5 15. h4 Nd6 16. h5 Rc7 17. Bxd6 Qxd6 18. e4 Nb4 19. h6 Bf8 20. Ne5 Rac8 21. Re3 Bxh6 22. f4 Bf8 23. a3 Na2 24. Qxa2 Rxc3 {Kramnik,V (2753)-Corrales Jimenez,F (2489) chess.com INT 2023 0-1 (65)}) 10... b6 11. Re1 ({RR} 11. Rc1 Ba6 12. Qd2 Qd7 13. Rfd1 Rfc8 14. Rc2 Nf5 15. e3 Bf8 16. Bxf8 Kxf8 17. Bf1 Bxf1 18. Rxf1 Nd6 19. Ne5 Nxe5 20. dxe5 Nb5 21. Ne2 Rxc2 22. Qxc2 Rc8 23. Qd2 a5 24. Rc1 Rxc1+ 25. Qxc1 Qc7 {So,W (2815)-Giri,A (2785) Chess.com INT 2017 ½-½ (38)}) 11... Ba6 12. e4 dxe4 $146 ({RR} 12... Rc8 13. exd5 exd5 14. Bh3 Rc7 15. Qd2 Bc8 16. Bg2 Ba6 17. Bh3 Bc8 18. Bg2 Ba6 19. Rac1 Re8 20. Qf4 Rd7 21. Bh3 Bb7 22. Rcd1 h6 23. Ne5 Nxe5 24. dxe5 Rc7 25. Ne4 g5 26. Nf6+ Bxf6 27. Qxf6 {Romanishin,O (2578)-Timoscenko,G (2519) Saint Vincent 2000 1-0 (46)}) 13. Nxe4 Nf5 14. Bxf8 Qxf8 15. Rc1 Nfxd4 16. Nxd4 Nxd4 17. Rc7 Rd8 18. Kh1 Qa3 19. Rxa7 Qxa2 20. Qc1 Nb5 21. Qg5 Rf8 22. Qxb5 1-0

[Event "Speed Chess GP3"]
[Site "Chess.com INT"]
[Date "2021.10.02"]
[Round "6"]
[White "Abdusattorov, Nodirbek"]
[Black "Har Zvi, Ronen"]
[Result "1-0"]
[WhiteElo "2646"]
[BlackElo "2513"]
[PlyCount "99"]
[EventDate "2021.10.02"]
[EventType "swiss (blitz)"]
[EventRounds "10"]
[EventCountry "USA"]
[SourceTitle "CBM 204 Extra"]
[Source "ChessBase"]
[SourceDate "2022.09.12"]
[SourceVersion "1"]
[SourceVersionDate "2022.09.12"]
[SourceQuality "1"]

1. Nf3 d5 2. b3 Bg4 3. Bb2 c6 4. e3 Nd7 5. Be2 Ngf6 6. O-O e6 7. Ne5 Bxe2 8. Qxe2 Nxe5 9. Bxe5 Bd6 10. f4 O-O 11. Bb2 Qe7 $146 ({RR} 11... Re8 12. d3 e5 13. f5 e4 14. Bxf6 exd3 15. Qxd3 Qxf6 16. Nd2 Qh6 17. Rf3 Qxh2+ 18. Kf2 Qh4+ 19. Kg1 Bh2+ 20. Kf1 Bg3 21. Ke2 Qh2 22. Raf1 Qxg2+ 23. Kd1 Be5 24. f6 Bxf6 25. Qf5 Re6 26. R1f2 {Hachmeister,D (2310)-Oswald,H (2295) Muenster 1996 0-1 (33)}) 12. Nc3 e5 13. fxe5 Bxe5 14. Rf5 Qd6 15. g3 d4 16. Nd1 Rfe8 17. e4 Bxg3 18. Rxf6 Bxh2+ 19. Qxh2 Qxf6 20. Nf2 Re5 21. d3 Rg5+ 22. Kf1 c5 23. Ke2 Qg6 24. Rh1 f5 25. Bc1 Rg2 26. Qh5 Qxh5+ 27. Rxh5 fxe4 28. Kf1 Rg3 29. Nxe4 Rf8+ 30. Nf2 b6 31. Bd2 g6 32. Re5 Rgf3 33. Re2 Rg3 34. Bh6 Rf5 35. Ke1 Rg1+ 36. Kd2 Rg2 37. Ne4 Rxe2+ 38. Kxe2 Rh5 39. Bf4 Rh1 40. Bb8 a5 41. Bc7 Kf7 42. Bxb6 Rh2+ 43. Nf2 Ke6 44. Bxc5 Kd5 45. Bb6 Ke6 46. Bxd4 Kd5 47. Bb6 Rg2 48. Bxa5 Kd4 49. c4 Rg5 50. Bb6+ 1-0

[Event "Speed Chess GP3"]
[Site "Chess.com INT"]
[Date "2021.10.02"]
[Round "7"]
[White "Meier, Georg"]
[Black "Rychagov, Andrey"]
[Result "1-0"]
[WhiteElo "2628"]
[BlackElo "2549"]
[PlyCount "93"]
[EventDate "2021.10.02"]
[EventType "swiss (blitz)"]
[EventRounds "10"]
[EventCountry "USA"]
[SourceTitle "CBM 204 Extra"]
[Source "ChessBase"]
[SourceDate "2022.09.12"]
[SourceVersion "1"]
[SourceVersionDate "2022.09.12"]
[SourceQuality "1"]

1. Nf3 d5 2. g3 c6 3. Bg2 Bg4 4. O-O Nd7 5. h3 Bh5 6. d3 e5 7. c4 dxc4 8. dxc4 ({RR} 8. d4 Bd6 9. Na3 Bxa3 10. bxa3 exd4 11. Qxd4 Ngf6 12. Qxc4 O-O 13. a4 Re8 14. Rb1 Nb6 15. Qh4 Rxe2 16. a5 Nbd5 17. Rxb7 Qxa5 18. Nd4 Re1 19. g4 Bg6 20. g5 Ne4 21. Nxc6 Rxf1+ 22. Bxf1 Qc5 {Atakhan,A (2416)-Yang Kaiqi (2481) chess.com INT 2025 0-1}) ({RR} 8. d4 e4 9. Ng5 Ngf6 10. Nc3 Be7 11. Ngxe4 O-O 12. Bf4 Nxe4 13. Nxe4 b5 14. Rc1 Nb6 15. b3 Rc8 16. g4 Bg6 17. Nc5 Nd5 18. Bg3 Bxc5 19. dxc5 cxb3 20. axb3 Re8 21. Qd2 a5 22. Rfd1 a4 {Meier,G (2628)-Maghsoodloo,P (2664) chess24.com INT 2020 1-0 (52)}) 8... Ngf6 9. Nc3 Be7 10. Nh4 Bg6 $146 ({RR} 10... O-O 11. b3 Qc7 12. Nf5 Bb4 13. Bb2 Rfd8 14. Qc2 Bg6 15. e4 Bf8 16. Nh4 Nc5 17. Rad1 a5 18. Nxg6 hxg6 19. Ne2 Ne6 20. Qc3 Nd7 21. h4 Bb4 22. Qc2 Bc5 23. Bh3 Ndf8 24. Kg2 a4 25. Bc3 {Praggnanandhaa,R (2727)-Gukesh,D (2758) Kolkata IND 2023 1-0 (50)}) 11. Nxg6 hxg6 12. Qc2 Qc7 13. Rd1 Nc5 14. Be3 Ne6 15. Na4 O-O 16. a3 Rfd8 17. b4 Nd4 18. Qb2 a5 19. c5 axb4 20. axb4 Nb5 21. Nb6 Rxa1 22. Qxa1 Nd7 23. Nc4 Bf6 24. Nd6 Nd4 25. Bxd4 exd4 26. Qa7 Be5 27. Bf3 Bxd6 28. cxd6 Qxd6 29. Rxd4 Qc7 30. Kg2 Kf8 31. b5 Ne5 32. b6 Qc8 33. Rxd8+ Qxd8 34. Qxb7 Nd7 35. Qc7 Ke7 36. Bxc6 Qxc7 37. bxc7 Nb6 38. h4 f6 39. Kf3 Kd6 40. Be8 Kxc7 41. Bxg6 Kd6 42. Bc2 Nc4 43. e4 Ke5 44. Kg4 Nd2 45. Kh5 g5 46. hxg5 fxg5 47. Kxg5 1-0